000 00265nam a2200109Ia 4500
001 1272239
005 20260417151424.0
008 260417s9999 xx 000 0 und d
020 _a9786256999671
245 0 _aAlev Kuyruk
_cAlexandra Page
260 _bKetebe Çocuk
999 _c1272239
_d1272239